Central Library OPAC University of Rajshahi

Epicurus and his philosophy / (Record no. 30926)

MARC details
000 -LEADER
fixed length control field 00744cam a22002411 4500
001 - CONTROL NUMBER
control field 30926
003 - CONTROL NUMBER IDENTIFIER
rucl marc code BD-RjUL
005 - DATE AND TIME OF LATEST TRANSACTION
control field 20211209051633.0
008 - FIXED-LENGTH DATA ELEMENTS--GENERAL INFORMATION
fixed length control field 140412s1954 mnu b 000 0 eng
035 ## - SYSTEM CONTROL NUMBER
System control number (BD-RjUL)31013
040 ## - CATALOGING SOURCE
Original cataloging agency DLC
Transcribing agency ODaWU
Modifying agency OCoLC
-- OTU
-- FBoU
-- BD-RjUL
-- BD-RjUL
Language of cataloging eng
041 ## - LANGUAGE CODE
Language code of text/sound track or separate title eng
082 ## - DEWEY DECIMAL CLASSIFICATION NUMBER
Classification number 187
Author mark and year DEE 1954
100 1# - MAIN ENTRY--PERSONAL NAME
Personal name De Witt, Norman Wentworth,
Dates associated with a name 1876-
9 (RLIN) 93957
245 10 - TITLE STATEMENT
Title Epicurus and his philosophy /
260 ## - PUBLICATION, DISTRIBUTION, ETC. (IMPRINT)
Place of publication, distribution, etc. Minneapolis :
Name of publisher, distributor, etc. University of Minnesota Press ,
Date of publication, distribution, etc. 1954
300 ## - PHYSICAL DESCRIPTION
Pagination 388 p. :
Size 24 cm.
504 ## - BIBLIOGRAPHY, ETC. NOTE
Bibliography, etc Bibliography: p. 361-362. Bibliographical references included in "Notes" (p. 364-377)
600 00 - SUBJECT ADDED ENTRY--PERSONAL NAME
Personal name Epicurus.
942 ## - ADDED ENTRY ELEMENTS (KOHA)
Source of classification or shelving scheme Dewey Decimal Classification
Koha item type Books
Holdings
Lost status Source of classification or shelving scheme Damaged status Not for loan Collection code Permanent Location Current Location Shelving location Date acquired Source of acquisition Cost, normal purchase price Total Checkouts Full call number Date last seen Copy number Koha item type
  Dewey Decimal Classification   Not For Loan Non-fiction Central Library, University of Rajshahi Central Library, University of Rajshahi Reading Room 12/04/1955 Allius book agency 30.00   187 DEE 1954 12/04/2014 C-1 Books
  Dewey Decimal Classification     Non-fiction Central Library, University of Rajshahi Central Library, University of Rajshahi   06/03/1963 Zitlinger 42.00   187 DEE 1954 12/04/2014 C-2 Books